000 00561nam a2200229Ia 4500
008 210210b1975 xxu||||| |||| 00| 0 eng d
041 _aeng
082 _a658.3 YODP
100 _aYODER (Dale)
245 _aPersonnel management and industrial relations Ed 6
260 _aND
_bPrentice-Hall of India Private Limited
_c1975
300 _a784
650 _arelations
650 _aPersonnel
650 _amanagement
650 _aindustrial
650 _aEd
650 _aand
650 _a6
690 _aPersonnel Management
906 _aSG01384
999 _c142772
_d142772